Human values in a changing World: a dialogue on the social role of Religion (Record no. 2492)

MARC details
000 -LEADER
fixed length control field 00532nam a2200193Ia 4500
020 ## - INTERNATIONAL STANDARD BOOK NUMBER
ISBN 0-8184-0427-2
082 ## - DEWEY DECIMAL CLASSIFICATION NUMBER
Classification number 291.7 WIL-;
100 ## - MAIN ENTRY--AUTHOR NAME
Personal name Wilson, Bryan
245 #0 - TITLE STATEMENT
Title Human values in a changing World: a dialogue on the social role of Religion
260 ## - PUBLICATION, DISTRIBUTION, ETC. (IMPRINT)
Place of publication Secaucus
Name of publisher Lyle Stuart
Year of publication 1987
300 ## - PHYSICAL DESCRIPTION
Number of Pages 364p.
650 ## - SUBJECT ADDED ENTRY--TOPICAL TERM
Topical Term Ethics - Social ethics
650 ## - SUBJECT ADDED ENTRY--TOPICAL TERM
Topical Term Philosophy and religion
650 ## - SUBJECT ADDED ENTRY--TOPICAL TERM
Topical Term Philosophy and religion
650 ## - SUBJECT ADDED ENTRY--TOPICAL TERM
Topical Term Religion
650 ## - SUBJECT ADDED ENTRY--TOPICAL TERM
Topical Term Religion and sociology
700 ## - ADDED ENTRY--PERSONAL NAME
Personal name Ikeda, Daisaku
942 ## - ADDED ENTRY ELEMENTS (KOHA)
Koha item type Books
Holdings
Withdrawn status Lost status Damaged status Not for loan Home library Current library Date acquired Bill Date Full call number Accession Number Price effective from Koha item type
        NASSDOC Library NASSDOC Library 08/06/2004 2004-10-05 291.7 WIL-; 37706 18/04/2019 Books